000 01170nam a22002657a 4500
005 20110615101418.0
008 110615t xxu||||| |||| 00| 0 mar d
010 _aMAR--20953
020 _c95.00
_a9788171858088
035 _aMR-13611
037 _bDBAD / PUB
040 _aDPL
_bMR
082 _a891.462
100 _aपवार,जयंत
_928602
245 _aकाय डेंजर वारा सुटलाय /
_cअशोक पाटोळे
246 _aKaya Danger Vara Sutalaya
_bby jayant Panwar
260 _aमुंबई
_bपॉप्युलर प्रकाशन
_c2011
270 _a301,महालक्ष्मी चैंबर्स,22 भुलाभाई देसाई रोड
_bमुंबई
_e400026
300 _aनऊ,74पृ.
_c21सेमी(अजिल्द)
650 _aमराठी नाटक
_928622
650 _aMarathi Play
_928623
700 _928624
942 _2ddc
_cMR
_h891.462
_mपवार
999 _c52938
_d52938